[Event "Vrnjacka Banja"]
[Site "Vrnjacka Banja"]
[Date "1988.??.??"]
[Round "?"]
[White "Hazai, Laszlo"]
[Black "Abramovic, Bosko"]
[Result "1/2-1/2"]
[WhiteElo "2440"]
[BlackElo "2460"]

1.e4 c5 2.Nf3 e6 3.d4 cxd4 4.Nxd4 a6 5.Bd3 g6 6.O-O Bg7 7.c3 Qc7 8.Nd2 Nf6
9.f4 d6 10.f5 O-O 11.Qe1 gxf5 12.exf5 e5 13.N4f3 Nbd7 14.c4 b5 15.Qh4 bxc4
16.Bxc4 d5 17.Be2 Bb7 18.Nb3 Ne4 19.Ng5 Nxg5 20.Bxg5 f6 21.Bd2 a5 22.Rac1 Qb6+
23.Qf2 d4 24.Bc4+ Kh8 25.Be6 Rfd8 26.Qe1 a4 27.Ba5 Rxa5 28.Nxa5 d3+ 29.Kh1 Bh6
30.Nxb7 Qxb7 31.Qa5 Nb6 32.Bc8 Qb8 33.Rc6 Be3 34.Be6 d2 35.Rd1 Nd5 36.Qxd8+ Qxd8
37.Rc8 Qxc8 38.Bxc8 Nb4 39.Bd7 Nd3 40.Bxa4 Nxb2 41.Bb3 Nxd1 42.Bxd1 Kg7 43.g3 Kf7
44.Kg2 Ke7 45.Kf3 Bb6 46.Ke4 Kd6  1/2-1/2

[Event "Vrnjacka Banja"]
[Site "Vrnjacka Banja"]
[Date "1988.??.??"]
[Round "?"]
[White "Hazai, Laszlo"]
[Black "Kovacevic, Vladimir"]
[Result "1-0"]
[WhiteElo "2440"]
[BlackElo "2250"]

1.e4 c5 2.Nf3 e6 3.d4 cxd4 4.Nxd4 a6 5.Bd3 Nf6 6.O-O d6 7.c4 Nbd7 8.Nc3 Qc7
9.f4 g6 10.f5 gxf5 11.exf5 e5 12.Ne6 Qc6 13.Nd5 Nxd5 14.cxd5 Qb6+ 15.Kh1 Nf6
16.Bg5 Be7 17.Rc1 Nxd5 18.Qh5 Bxg5 19.Nxg5 Rf8 20.Nxh7 Qd4 21.Bc4 Ne3 22.Qh6 Rh8
23.Bxf7+ Kxf7 24.Rc7+ Ke8 25.Qg7 Rxh7  1-0

[Event "Vrnjacka Banja"]
[Site "Vrnjacka Banja"]
[Date "1988.??.??"]
[Round "?"]
[White "Cabrilo, Goran"]
[Black "Abramovic, Bosko"]
[Result "1-0"]
[WhiteElo "2505"]
[BlackElo "2460"]

1.e4 c5 2.Nf3 e6 3.d4 cxd4 4.Nxd4 a6 5.Bd3 g6 6.f4 Bg7 7.Nf3 d6 8.O-O Nd7
9.Kh1 Ngf6 10.Qe1 O-O 11.Nc3 Nc5 12.e5 Nfd7 13.Qg3 b6 14.Ne4 Nxe4 15.Bxe4 Ra7
16.c3 Bb7 17.Bxb7 Rxb7 18.Be3 Nc5 19.Rad1 Rd7 20.Bd4 dxe5 21.fxe5 Rd5 22.Rde1 Qc7
23.Re3 b5 24.Qh3 Qe7 25.b4 Nd7 26.Re4 Rc8 27.Rh4 h5 28.Re4 a5 29.a3 axb4
30.axb4 Ra8 31.Qg3 Bh6 32.h4 Ra2 33.Ng5 Bxg5 34.hxg5 Qe8 35.Ref4 Nxe5 36.Bxe5 Rxe5
37.Rxf7 Rf5 38.R1xf5 exf5 39.Rb7 Ra8 40.Kh2 Qc6 41.Qc7 Qxc7+ 42.Rxc7 Ra2
43.Kg3 Rc2 44.Rc5 Kf7 45.Rxb5 Rxc3+ 46.Kf4 h4 47.Rb7+ Ke6 48.Rb6+ Ke7 49.Rxg6 Rc4+
50.Kxf5 Rxb4 51.Rf6 Rb2 52.Kg4 Rxg2+ 53.Kxh4 Rh2+ 54.Kg4 Rh8 55.Kf5 Rg8 56.g6 Ke8
57.Rf7 Rh8 58.Kf6  1-0

[Event "Zuerich op"]
[Site "Zuerich"]
[Date "1988.??.??"]
[Round "5"]
[White "Klundt, Klaus"]
[Black "Vujovic, M."]
[Result "1-0"]
[WhiteElo "2410"]
[BlackElo "2290"]

1.e4 c5 2.Nf3 e6 3.d4 cxd4 4.Nxd4 a6 5.Bd3 Ne7 6.O-O Nec6 7.Nb3 b5 8.a4 b4
9.N1d2 Be7 10.f4 Bb7 11.Qh5 g6 12.Qe2 d6 13.Nf3 Nd7 14.Be3 Bf6 15.Rab1 Na5
16.Nxa5 Qxa5 17.Nd2 Qxa4 18.Nc4 Qc6 19.e5 dxe5 20.Be4 Qxe4 21.Nd6+ Ke7 22.Nxe4 Bxe4
23.fxe5 Bxe5 24.Bg5+ f6 25.Qxe4 fxg5 26.Rbd1 Bd6 27.Qc6  1-0

[Event "BRA-ch"]
[Site "Fortaleza"]
[Date "1989.08.??"]
[Round "3"]
[White "Tsuboi, Edson Kenji"]
[Black "Van Riemsdijk, Dirk D"]
[Result "1/2-1/2"]
[WhiteElo "2305"]
[BlackElo "2255"]

1.e4 c5 2.Nf3 e6 3.d4 cxd4 4.Nxd4 a6 5.Bd3 Qc7 6.O-O Nf6 7.Qe2 d5 8.Nc3 dxe4
9.Nxe4 Nxe4 10.Bxe4 Nd7 11.Re1 Nf6 12.Bf3 Bd6 13.g3 O-O 14.Bg5 Nd5 15.Bxd5 exd5
16.Be7 Bxe7 17.Qxe7 Qb6 18.Qe3 Bd7 19.Nb3 Qg6 20.Nd4 Qf6 21.c3 Rfe8 22.Qd2 Re4
23.f3 Ree8 24.Kg2 g5 25.Rxe8+ Rxe8 26.Re1 Re5 27.Rxe5 Qxe5 28.Qe2 Qf6 29.Qe3 h6
30.Nc2 a5 31.Nd4 Kf8 32.Kf2 Qb6 33.Nb3 Qg6 34.Nxa5 Qb1 35.Qe2 Qxa2 36.b4 Qa1
37.Qd2 Qh1 38.Ke3 Qg1+ 39.Qf2 Qc1+ 40.Qd2 Qg1+ 41.Qf2 d4+ 42.cxd4 Qb1 43.Qd2 b6
44.Nc4 Qg1+ 45.Ke4 Qb1+ 46.Ke3 Qg1+ 47.Ke4 Qb1+ 48.Ke3  1/2-1/2

[Event "Alicante op"]
[Site "Alicante"]
[Date "1989.??.??"]
[Round "?"]
[White "Fernandez Garcia, Jose L"]
[Black "Urday, Henry"]
[Result "1/2-1/2"]
[WhiteElo "2440"]
[BlackElo "2355"]

1.e4 c5 2.Nf3 e6 3.d4 cxd4 4.Nxd4 a6 5.Bd3 Nf6 6.O-O Qc7 7.Qe2 d6 8.c4 g6
9.b3 Bg7 10.Bb2 O-O 11.Nf3 Nc6 12.Nc3 Ne5 13.Rfd1 b6 14.Rac1 Nfd7 15.Nxe5 Bxe5
16.b4 Bb7 17.Rc2 Rfd8 18.Qe3 Rac8 19.f4 Bg7 20.Na4 Bc6 21.b5 Bb7 22.Bxg7 Kxg7
23.bxa6 Bxa6 24.Rb1 Rb8 25.Rcb2 Rdc8 26.Rb4 Rb7 27.Nxb6 Nxb6 28.Rxb6 Rxb6
29.Qxb6 Qxb6+ 30.Rxb6 Bxc4 31.Rxd6 Bxd3 32.Rxd3 Rc1+ 33.Kf2 Rc2+ 34.Kf3  1/2-1/2

[Event "Arco op"]
[Site "Arco di Trento"]
[Date "1989.??.??"]
[Round "3"]
[White "Nurkic, Sahbaz"]
[Black "Kovacevic, Slobodan"]
[Result "1/2-1/2"]
[WhiteElo "2375"]
[BlackElo "2450"]

1.e4 c5 2.Nf3 e6 3.d4 cxd4 4.Nxd4 a6 5.Bd3 Nf6 6.O-O d6 7.f4 Nbd7 8.Kh1 Be7
9.Nc3 O-O 10.Nf3 Qc7 11.Qe2 Nc5 12.e5 Ne8 13.Be3 Nxd3 14.cxd3 b5 15.Rac1 Qd8
16.a4 b4 17.Nb1 Bb7 18.Nbd2 Rc8 19.Nc4 Bxf3 20.Qxf3 d5 21.Nd2 g6 22.Nb3 Ng7
23.Bc5 h5 24.d4 Nf5 25.Qd3 Ra8 26.a5  1/2-1/2

[Event "ARG-ch"]
[Site "?"]
[Date "1989.??.??"]
[Round "4"]
[White "Bronstein, Luis"]
[Black "Giardelli, Sergio C"]
[Result "1/2-1/2"]
[WhiteElo "2395"]
[BlackElo "2430"]

1.e4 c5 2.Nf3 e6 3.d4 cxd4 4.Nxd4 a6 5.Bd3 Nf6 6.Nc3 d6 7.f4 Nbd7 8.Qf3 g6
9.g4 Bg7 10.Be3 e5 11.Nde2 exf4 12.Qxf4 Ne5 13.h3 O-O 14.Ng3 Be6 15.O-O Bxg4
16.hxg4 Nfxg4 17.Kg2 Bh6 18.Qxh6 Nxh6 19.Bxh6 Re8 20.Nd5 Re6 21.Nf4 Re8 22.Nd5 Re6
23.Nf4  1/2-1/2

[Event "ARG-ch"]
[Site "?"]
[Date "1989.??.??"]
[Round "14"]
[White "Walicki, Diego"]
[Black "Giardelli, Sergio C"]
[Result "0-1"]
[WhiteElo "2255"]
[BlackElo "2430"]

1.e4 c5 2.Nf3 e6 3.d4 cxd4 4.Nxd4 a6 5.Bd3 Nf6 6.O-O d6 7.c4 Be7 8.Qe2 Bd7
9.Nc3 Nc6 10.Nxc6 Bxc6 11.b3 O-O 12.Bb2 b6 13.Kh1 Nd7 14.Rae1 Bf6 15.f4 Bd4
16.Bb1 e5 17.Nd1 Bxb2 18.Qxb2 exf4 19.Rxf4 Ne5 20.Ne3 g6 21.Qd4 b5 22.Rd1 Qg5
23.Rf2 Rfe8 24.Rfd2 Re6 25.h3 Qh4 26.Kg1 Rae8 27.cxb5 axb5 28.Nd5 Bxd5 29.exd5 Nf3+
30.gxf3 Qg3+  0-1

[Event "Athens op"]
[Site "Athens"]
[Date "1989.??.??"]
[Round "?"]
[White "Podlesnik, Bogdan"]
[Black "Ipek, Ali"]
[Result "1/2-1/2"]
[WhiteElo "2415"]
[BlackElo "2320"]

1.e4 c5 2.Nf3 e6 3.d4 cxd4 4.Nxd4 a6 5.Bd3 Qc7 6.O-O Nf6 7.Qe2 d6 8.f4 Nbd7
9.c4 b6 10.Nc3 Be7 11.Kh1 h5 12.Bd2 Kf8 13.Rae1 Kg8 14.h3 h4 15.Qf2 Bb7 16.Nf3 Nh5
17.Nxh4 Ng3+ 18.Qxg3 Bxh4 19.Qe3 Bxe1 20.Bxe1 Nf6 21.Qg3 Nh5 22.Qg4 Nf6 23.Qg3 Nh5
24.Qg4 Nf6 25.Qe2 Rb8 26.Kh2 Bc6 27.a4 a5 28.Nb5 Bxb5 29.cxb5 Nd7 30.Bc3 e5
31.Qg4 Nc5 32.Bc2 Re8 33.f5 Qd8 34.g3 Nd7 35.Rd1 Nc5 36.Bd2 Kf8 37.h4 f6
38.h5 Qe7 39.Qe2 Qf7 40.g4 Rd8 41.Kg3 Ke7  1/2-1/2

[Event "Athens Akropolis"]
[Site "Athens"]
[Date "1989.??.??"]
[Round "?"]
[White "Gavrilakis, Nikolaos"]
[Black "Velikov, Petar"]
[Result "1/2-1/2"]
[WhiteElo "2400"]
[BlackElo "2465"]

1.e4 c5 2.Nf3 e6 3.d4 cxd4 4.Nxd4 a6 5.Bd3 Nf6 6.O-O Qc7 7.Qe2 d6 8.c4 Nbd7
9.Nc3 g6 10.Nf3 Bg7 11.Bf4 O-O 12.Rac1 b6 13.Rfd1 Nh5 14.Bg5 Bb7 15.Qd2 Rfe8
16.Be2 Bf8 17.Ne1 Ng7  1/2-1/2

[Event "Bayern-ch"]
[Site "Bayern"]
[Date "1989.??.??"]
[Round "?"]
[White "Kunze, Markus"]
[Black "Wimmer, Herbert"]
[Result "1-0"]
[WhiteElo "2270"]
[BlackElo "2295"]

1.e4 c5 2.Nf3 e6 3.d4 cxd4 4.Nxd4 a6 5.Bd3 g6 6.c4 Bg7 7.Nb3 Ne7 8.O-O O-O
9.Nc3 d5 10.exd5 exd5 11.Bg5 dxc4 12.Bxc4 Qxd1 13.Raxd1 Nbc6 14.Nc5 h6 15.Be3 b6
16.Nd7 Bxd7 17.Rxd7 b5 18.Bb3 Rfd8 19.Rfd1 Rxd7 20.Rxd7 Rd8 21.Rxd8+ Nxd8
22.Nd5 Nxd5 23.Bxd5 Bxb2 24.Bxh6 Ne6 25.Bd2 Nc5 26.g3 Na4 27.Bb7 Nc5 28.Bc8 Ba3
29.Kg2 Kf8 30.h4 Ke7 31.Ba5 f5 32.h5 gxh5 33.Bxf5 Ne6 34.Be4 Kf6 35.Bb7 Nc5
36.Bc8 Bb2 37.Bb6 Ba3 38.Bd8+ Kg6 39.Be7 a5 40.f4 Bb4 41.Kh3 Kf7 42.Bd8 Be1
43.Bf5 a4 44.Bb6 Ne6 45.Bc2 Kf6 46.Be3 a3 47.Kh4 b4 48.f5 Ng7 49.Bd4+ Kf7
50.Bb3+ Kf8 51.Bc5+ Ke8 52.f6  1-0

[Event "Belgrade op"]
[Site "Belgrade"]
[Date "1989.??.??"]
[Round "2"]
[White "Ziatdinov, Raset"]
[Black "Robovic, Saudin"]
[Result "1-0"]
[WhiteElo "2355"]
[BlackElo "2365"]

1.e4 c5 2.Nf3 e6 3.d4 cxd4 4.Nxd4 a6 5.Bd3 Nf6 6.O-O Qc7 7.c4 d6 8.b3 g6
9.Bb2 Bg7 10.Nd2 O-O 11.Qe2 Nbd7 12.Rad1 b6 13.Bb1 Bb7 14.Kh1 Rae8 15.Rfe1 Nh5
16.Nf1 Nf4 17.Qd2 d5 18.e5 f6 19.Qxf4 fxe5 20.Qg3 Qc5 21.Nf3 e4 22.Bxg7 exf3
23.Bxf8 Rxf8 24.gxf3  1-0

[Event "Benidorm op"]
[Site "Benidorm"]
[Date "1989.??.??"]
[Round "?"]
[White "Villavicencio, Adalberto"]
[Black "Urday, Henry"]
[Result "0-1"]
[WhiteElo "2325"]
[BlackElo "2355"]

1.e4 c5 2.Nf3 e6 3.d4 cxd4 4.Nxd4 a6 5.Bd3 Nf6 6.O-O d6 7.c4 g6 8.Bg5 Bg7
9.Nc3 h6 10.Be3 O-O 11.Rc1 Nbd7 12.b3 Qc7 13.h3 b6 14.Qd2 Kh7 15.Bb1 Bb7
16.Nde2 Rfd8 17.Ng3 Rac8 18.Rfd1 Bf8 19.f4 Nc5 20.Qf2 Rb8 21.b4 Ncd7 22.Nd5 exd5
23.cxd5 Nc5 24.bxc5 bxc5 25.Nf1 Re8 26.Nd2 Bg7 27.Qf3 Nd7 28.Re1 Nb6 29.Bf2 Qd7
30.Bc2 Qc7 31.Rb1 Bc8 32.Kh2 Rb7 33.g4 Kg8 34.Bg3 Qd8 35.Rf1 c4 36.h4 c3
37.Nb3 Nc4 38.Rbc1 Qd7 39.g5 Nd2 40.Nxd2 cxd2  0-1

[Event "Biel op"]
[Site "Biel"]
[Date "1989.??.??"]
[Round "10"]
[White "Ilijin, Neboisa"]
[Black "Barlov, Dragan"]
[Result "1-0"]
[WhiteElo "2270"]
[BlackElo "2520"]

1.e4 c5 2.Nf3 e6 3.d4 cxd4 4.Nxd4 a6 5.Bd3 Nf6 6.O-O Qc7 7.Qe2 d6 8.c4 Nc6
9.Nxc6 bxc6 10.Nc3 Be7 11.Be3 c5 12.f4 Bb7 13.f5 O-O 14.Bg5 exf5 15.Rxf5 Rae8
16.e5 Nd7 17.e6 Ne5 18.exf7+ Rxf7 19.Rxf7 Nxf7 20.Bf4 Rb8 21.Re1 Bf8 22.Ne4 Qd8
23.Qg4 Bc8 24.Qg3 Be7 25.Nc3 Bd7 26.Re2 Bh4 27.Qf3 Bf6 28.Nd5 Bd4+ 29.Kh1 Rxb2
30.Ne7+ Kf8 31.Bxh7 Rxe2 32.Ng6+ Ke8 33.Qxe2+ Ne5 34.Nxe5 dxe5 35.Qh5+ Kf8
36.Bg5 Qe8 37.Bg6 Qe6 38.Qh8+ Qg8 39.Be7+  1-0

[Event "Perenyi mem-B"]
[Site "Budapest"]
[Date "1989.??.??"]
[Round "?"]
[White "Horvath, Csaba"]
[Black "Espig, Lutz"]
[Result "1-0"]
[WhiteElo "2445"]
[BlackElo "2470"]

1.e4 c5 2.Nf3 e6 3.d4 cxd4 4.Nxd4 a6 5.Bd3 g6 6.c4 Bg7 7.Nb3 Ne7 8.Nc3 O-O
9.O-O b6 10.Bf4 Bb7 11.Bd6 Re8 12.Qd2 Nc8 13.Bf4 d6 14.Rfd1 Nd7 15.f3 Ra7
16.Bf1 Ba8 17.Rac1 Nc5 18.Na1 Bc6 19.Nc2 Rd7 20.Be3 Na4 21.Nxa4 Bxa4 22.b3 Bc6
23.Nd4 Bb7 24.b4 f5 25.exf5 gxf5 26.Re1 Qf6 27.Nb3 Rf7 28.c5 bxc5 29.bxc5 dxc5
30.Nxc5 Bd5 31.Nxa6 Qd8 32.Nb4 f4 33.Bxf4 Qb6+ 34.Be3  1-0

[Event "Spring op"]
[Site "Budapest"]
[Date "1989.??.??"]
[Round "?"]
[White "Cladouras, Panagiotis"]
[Black "Kochyev, Alexander"]
[Result "1-0"]
[WhiteElo "2385"]
[BlackElo "2475"]

1.e4 c5 2.Nf3 e6 3.d4 cxd4 4.Nxd4 a6 5.Bd3 Ne7 6.f4 Nec6 7.Nf3 Bc5 8.Qe2 d6
9.Nbd2 Nd7 10.Nb3 Ba7 11.Bd2 b5 12.a4 b4 13.Be3 e5 14.O-O-O O-O 15.f5 Bxe3+
16.Qxe3 Na5 17.Nxa5 Qxa5 18.b3 Qc7 19.Bc4 Bb7 20.Ng5 Nb6 21.Bd3 Rac8 22.f6 gxf6
23.Rhf1 Kg7 24.Nxh7 Rh8 25.Qg3+  1-0

[Event "Perenyi mem-B"]
[Site "Budapest"]
[Date "1989.??.??"]
[Round "?"]
[White "Feher, Gyula"]
[Black "Anka, Emil"]
[Result "0-1"]
[WhiteElo "2410"]
[BlackElo "2400"]

1.e4 c5 2.Nf3 e6 3.d4 cxd4 4.Nxd4 a6 5.Bd3 Nf6 6.O-O Qc7 7.Qe2 d6 8.c4 g6
9.Nc3 Bg7 10.Rd1 O-O 11.Nb3 Nc6 12.Bf4 Ne5 13.Rac1 b6 14.a4 Nfd7 15.Nd2 Nxd3
16.Qxd3 Ne5 17.Qe2 Qc5 18.b3 Bb7 19.Nf1 Rfd8 20.Ng3 Qb4 21.Qc2 Nc6 22.Nge2 Qc5
23.Be3 Qa5 24.Qd2 Rac8 25.Qe1 Nb4 26.f3 d5 27.exd5 exd5 28.Qf2 Rd6 29.Nf4 Be5
30.Nfxd5 Bxd5 31.Nxd5 Nxd5 32.cxd5 Rxc1 33.Rxc1 Qxd5 34.Qh4 h5 35.Qg5 Rd8
36.Kf2 Qd6 37.Rc6 Qxc6 38.Qxd8+ Kh7 39.Qxb6 Qc2+ 40.Kf1 Qd1+ 41.Kf2 Bxh2
42.Qf6 Bg1+ 43.Kg3 Qe1+ 44.Kh3 Qxe3 45.Qxf7+ Kh6 46.Qf8+ Kg5 47.Qd8+ Kf5
48.Qf8+ Ke5 49.Qg7+ Kd5 50.Qxg6 Qe6+ 51.Qxe6+ Kxe6 52.Kh4 a5 53.Kxh5 Be3
54.g3 Kf5 55.f4 Bf2 56.Kh4 Be1 57.Kh3 Ke4 58.Kg4 Kd4 59.f5 Ke5 60.Kg5 Bxg3
61.b4 axb4 62.a5 b3 63.a6 Bf2 64.f6 Ke6  0-1

[Event "Buenos Aires MEPH"]
[Site "Buenos Aires"]
[Date "1989.??.??"]
[Round "1"]
[White "Bronstein, Luis"]
[Black "Panno, Oscar"]
[Result "1/2-1/2"]
[WhiteElo "2395"]
[BlackElo "2495"]

1.e4 c5 2.Nf3 e6 3.d4 cxd4 4.Nxd4 a6 5.Bd3 Nf6 6.Nc3 Qc7 7.Bg5 Be7 8.Qe2 d6
9.O-O-O Nc6 10.Nxc6 bxc6 11.f4 h6 12.Bh4 Rb8 13.e5 dxe5 14.fxe5 Nd5 15.Nxd5 cxd5
16.Bxe7 Qxe7 17.h4 a5 18.Rdf1 Bd7 19.Rh3 Rb4 20.Qh5 O-O 21.Rf6 Rxb2 22.Rxh6 Rb1+
23.Kd2 Qb4+ 24.Ke2 Re1+ 25.Kf3 Rf1+ 26.Bxf1 Qe4+ 27.Kf2 Qf4+ 28.Rf3 Qxh6
29.Qxh6 gxh6 30.Rg3+ Kh8 31.Rb3 Rc8 32.Bd3 Ba4 33.Rb2  1/2-1/2

[Event "Chanac op"]
[Site "Chanac"]
[Date "1989.??.??"]
[Round "?"]
[White "Ochoa de Echaguen, F Javier"]
[Black "Chomet, Pascal"]
[Result "1/2-1/2"]
[WhiteElo "2435"]
[BlackElo "2265"]

1.e4 c5 2.Nf3 e6 3.d4 cxd4 4.Nxd4 a6 5.Bd3 Nf6 6.O-O d6 7.c4 Be7 8.b3 O-O
9.Bb2 Qc7 10.Qe2 Nc6 11.Nxc6 bxc6 12.e5 dxe5 13.Bxe5 Qa5 14.Bc3 Qh5 15.Qxh5 Nxh5
16.Rd1 Ra7 17.Ba5 Nf4 18.Bf1 e5 19.Nc3 Bc5 20.Na4 Bd4 21.Bb6 Rd7 22.Rac1 Ne6
23.Ba5 c5 24.Nb6 Rd6 25.Nxc8 Rxc8 26.g3 g6 27.Bg2 Kg7 28.Bb7 Rf8 29.Bd5 f5
30.Bxe6 Rxe6 31.b4 cxb4 32.Bxb4 Rc8 33.Rc2 Rec6 34.Rdc1 Kf6 35.Kf1 e4 36.Ke2  1/2-1/2

[Event "Capablanca mem"]
[Site "Cienfuegos"]
[Date "1989.??.??"]
[Round "3"]
[White "Sieiro Gonzalez, Luis"]
[Black "Velikov, Petar"]
[Result "1/2-1/2"]
[WhiteElo "2395"]
[BlackElo "2465"]

1.e4 c5 2.Nf3 e6 3.d4 cxd4 4.Nxd4 a6 5.Bd3 Nf6 6.O-O Qc7 7.Nc3 d6 8.f4 Nbd7
9.Nf3 b5 10.a3 Bb7 11.Qe1 Nc5 12.b4 Nxd3 13.cxd3 Be7 14.Bb2 O-O 15.Rc1 Qb6+
16.Qf2 Bd8 17.Ne2 Ng4 18.Qxb6 Bxb6+ 19.Bd4 Bxd4+ 20.Nexd4 Rac8 21.h3 Nf6
22.Kf2 Rfd8 23.Ke3 Kf8 24.g4 h6 25.Kd2 Ke7 26.Rxc8 Rxc8 27.Rc1 Rxc1 28.Kxc1 Nh7
29.Kd2 g5 30.fxg5 hxg5 31.Ke3 Kf6 32.Nb3 Nf8 33.e5+ dxe5 34.Nc5 Bc6 35.Nxa6 Ng6
36.Nb8 Be8 37.Ke4 Nf4 38.h4 gxh4 39.Nxh4 Ne2 40.Nf3 Nc3+ 41.Ke3 Nb1 42.Ke4 Nxa3
43.Nxe5 Nc2 44.Na6 Ke7 45.g5 f6  1/2-1/2

[Event "Capablanca mem"]
[Site "Cienfuegos"]
[Date "1989.??.??"]
[Round "10"]
[White "Lugo, Blas"]
[Black "Ortega, Lexy"]
[Result "0-1"]
[WhiteElo "2340"]
[BlackElo "2400"]

1.e4 c5 2.Nf3 e6 3.d4 cxd4 4.Nxd4 a6 5.Bd3 Nf6 6.O-O d6 7.c4 Be7 8.Nc3 O-O
9.Be3 b6 10.f4 Qc7 11.Qf3 Bb7 12.Qg3 Nbd7 13.Nd5 Qd8 14.Nxe7+ Qxe7 15.e5 Ne4
16.Bxe4 Bxe4 17.f5 exf5 18.exd6 Qe5 19.Qxe5 Nxe5 20.b3 g6 21.Nf3 Nd7 22.b4 Rac8
23.Rfc1 Rfe8 24.Kf2 f6 25.h4 Kf7 26.Rc3 h6 27.c5 bxc5 28.bxc5 g5 29.Rac1 f4
30.Bd4 Bc6 31.hxg5 hxg5 32.g4 Kg6 33.Rh1 Re4 34.Re1 f5 35.Rg1 Rg8 36.Rcc1 Kf7
37.Rg2 Ke6 38.gxf5+ Kxf5 39.Rcg1 g4 40.Nh4+ Ke6 41.Rd1 f3 42.Rgg1 g3+  0-1

[Event "Capablanca mem"]
[Site "Cienfuegos"]
[Date "1989.??.??"]
[Round "12"]
[White "Lugo, Blas"]
[Black "Velikov, Petar"]
[Result "1/2-1/2"]
[WhiteElo "2340"]
[BlackElo "2465"]

1.e4 c5 2.Nf3 e6 3.d4 cxd4 4.Nxd4 a6 5.Bd3 Nf6 6.O-O Qc7 7.c4 Nc6 8.Nxc6 dxc6
9.Be3 e5 10.h3 Nd7 11.Nc3 Bc5 12.Qg4 g6 13.Qg3 O-O 14.Na4 Bxe3 15.Qxe3 Nf6
16.Nb6 Rb8 17.c5 Be6 18.Bc4 Qe7 19.Rfd1 Rbd8 20.b4 Kg7 21.Bxe6 Qxe6 22.a3 Nh5
23.Qc3 Nf4 24.Kf1 f6 25.Nc4 Qe7 26.Nd6 Rd7 27.Rd2 Rfd8 28.Rad1 Ne6 29.Qg3 Kf8
30.Kg1 Ng5 31.f4 Nf7 32.fxe5 Qxe5 33.Qxe5 Nxe5 34.Rf2 Ke7 35.Rdf1 Rf8 36.g4 h6
37.Kg2 b6 38.Kg3 bxc5 39.bxc5 Nd3 40.Rc2 Rb8 41.Rf3 Nxc5 42.Rxc5 Rxd6 43.e5 fxe5
44.Rxe5+ Re6 45.Ra5 Rb6 46.Rd3 g5 47.h4 gxh4+ 48.Kxh4 Re4 49.Rh5 Re6 50.Ra5 Re1
51.Kg3 Re4 52.Rh5 Re6 53.Ra5 Rd6 54.Re5+ Kd7 55.Rde3 Rb5 56.Re7+ Kd8 57.Ra7 a5
58.Ree7 Rbd5 59.Rh7 Rd7 60.Ra8+ Kc7 61.Ra7+ Kd8 62.Rhxd7+ Rxd7 63.Rxa5 Rd6
64.Ra7  1/2-1/2

[Event "Copenhagen Obro op"]
[Site "Copenhagen"]
[Date "1989.??.??"]
[Round "3"]
[White "Balinov, Ilija"]
[Black "Adamski, Jan"]
[Result "1/2-1/2"]
[WhiteElo "2270"]
[BlackElo "2405"]

1.e4 c5 2.Nf3 e6 3.d4 cxd4 4.Nxd4 a6 5.Bd3 Ne7 6.O-O Nec6 7.Be3 Be7 8.Nc3 O-O
9.Qd2 d6 10.Rad1 Nxd4 11.Bxd4 Nc6 12.Be3 b5 13.f4 Bb7 14.Rf3 Nb4 15.Rh3 Nxd3
16.Qxd3 g6 17.f5 Rc8 18.Bh6 Re8 19.Rf1 exf5 20.exf5 Bf6 21.Be3 Rc4 22.Nd5 Bxd5
23.Qxd5 Re5 24.Qd3 Qe7 25.fxg6 hxg6 26.b3 Rce4 27.Bd4 Rf5 28.Bxf6 Qxf6 29.Rxf5 Qxf5
30.Qc3 Qc5+ 31.Qxc5 dxc5 32.Kf2 Rd4 33.Ke2 Rg4 34.Rg3 Rxg3 35.hxg3 f6 36.Kd3 Kf7
37.a3 Ke6 38.c4 bxc4+ 39.Kxc4 Kd6 40.g4 Kc6 41.Kc3 Kd5  1/2-1/2

[Event "Copenhagen op"]
[Site "Copenhagen"]
[Date "1989.??.??"]
[Round "7"]
[White "Franzen, Jozef"]
[Black "Adamski, Jan"]
[Result "1/2-1/2"]
[WhiteElo "2345"]
[BlackElo "2435"]

1.e4 c5 2.Nf3 e6 3.d4 cxd4 4.Nxd4 a6 5.Bd3 Ne7 6.O-O Nec6 7.Be3 Be7 8.Nxc6 Nxc6
9.f4 d6 10.Nd2 O-O  1/2-1/2

[Event "Copenhagen Obro op"]
[Site "Copenhagen"]
[Date "1989.??.??"]
[Round "8"]
[White "Stoinev, Metodi"]
[Black "Iskov, Gert"]
[Result "0-1"]
[WhiteElo "2380"]
[BlackElo "2325"]

1.e4 c5 2.Nf3 e6 3.d4 cxd4 4.Nxd4 a6 5.Bd3 Nf6 6.O-O d6 7.b3 Nbd7 8.Bb2 Nc5
9.Nd2 e5 10.N4f3 Be7 11.Qe2 O-O 12.c4 Nh5 13.Bc2 Nf4 14.Qe3 Bg4 15.b4 Nce6
16.Bb3 Bg5 17.Nxg5 Qxg5 18.g3 Nh3+ 19.Kg2 Qxe3 20.fxe3 Nhg5 21.Rfe1 Bh3+
22.Kg1 b6 23.a3 f5 24.exf5 Rxf5 25.Bc2 Rf7 26.Be4 Raf8 27.Bd5 Rf2 28.Bc3 e4
29.Rf1 Bxf1 30.Rxf1 Nh3+ 31.Kh1 Rxf1+ 32.Nxf1 Rxf1+ 33.Kg2 Rf2+ 34.Kxh3 Kf7
35.Bd4 Ke7 36.Bxb6 h5 37.g4 Ra2 38.c5 Rxa3 39.c6 Nf4+  0-1

[Event "DEN-chT8990"]
[Site "DEN"]
[Date "1989.??.??"]
[Round "1"]
[White "Poulsen, Allan"]
[Black "Hansen, Lars Bo"]
[Result "0-1"]
[WhiteElo "2305"]
[BlackElo "2460"]

1.e4 c5 2.Nf3 e6 3.d4 cxd4 4.Nxd4 a6 5.Bd3 Nf6 6.O-O d6 7.b3 b6 8.Bb2 Bb7
9.Qe2 Be7 10.f4 O-O 11.Nd2 Nc6 12.Nxc6 Bxc6 13.e5 dxe5 14.fxe5 Nd5 15.Ne4 Bg5
16.Rf3 Nf4 17.Rxf4 Bxf4 18.Rf1 Bg5 19.Ba3 Qd4+ 20.Kh1 Bh6 21.Bxf8 Rxf8 22.Ng3 b5
23.Qh5 Qe3 24.Qe2 Qxe2 25.Nxe2 Rd8 26.Ng1 g6 27.Nf3 Bf4 28.a4 bxa4 29.bxa4 a5
30.Rb1 g5 31.h3 h5 32.Rb6 Ba8 33.Ra6 g4 34.hxg4 hxg4 35.Nh2 g3 36.Ng4 Bd2
37.Kg1 Kg7 38.Rd6 Rh8 39.c4  0-1

[Event "Dortmund-C"]
[Site "Dortmund"]
[Date "1989.??.??"]
[Round "?"]
[White "Mainka, Gregor"]
[Black "Thesing, Matthias"]
[Result "1-0"]
[WhiteElo "2285"]
[BlackElo "2365"]

1.e4 c5 2.Nf3 e6 3.d4 cxd4 4.Nxd4 a6 5.Bd3 Nf6 6.O-O d6 7.c4 Bd7 8.Nc3 Nc6
9.Nxc6 Bxc6 10.Qe2 Be7 11.f4 O-O 12.Kh1 Nd7 13.b3 g6 14.Bb2 Re8 15.Rad1 Qb8
16.b4 b6 17.Rf3 Bf8 18.Bb1 Qc7 19.Rh3 Rad8 20.Qf2 Bg7 21.Qh4 Nf8 22.f5 exf5
23.exf5 Qe7 24.Qxe7 Rxe7 25.f6 Bxf6 26.Nd5 Bg5 27.Nxe7+ Bxe7 28.Ra3 Bb7 29.Bd4 Nd7
30.Re3 Bf8 31.a3 Rc8 32.Ba2 b5 33.c5 dxc5 34.bxc5 Nxc5 35.Rf1 Ne6 36.Rxe6 Rc2  1-0

[Event "Dortmund op"]
[Site "Dortmund"]
[Date "1989.??.??"]
[Round "8"]
[White "Knobel, Rolf"]
[Black "Martinovic, Slobodan"]
[Result "1/2-1/2"]
[WhiteElo "2280"]
[BlackElo "2445"]

1.e4 c5 2.Nf3 e6 3.d4 cxd4 4.Nxd4 a6 5.Bd3 Nf6 6.O-O Qc7 7.Qe2 d6 8.c4 g6
9.Nc3 Bg7 10.Be3 O-O 11.Kh1 Nbd7 12.f4 b6 13.Nf3 Bb7 14.Rac1 Rac8 15.Bd4 Rfe8
16.Rfd1 Qb8 17.Qf2 Nc5 18.e5 dxe5 19.Nxe5 Nxd3 20.Rxd3 Red8 21.Rcd1 b5 22.cxb5 axb5
23.Ba7 Qa8 24.Rxd8+ Rxd8 25.Rxd8+ Qxd8 26.Nxb5 Qd1+ 27.Qg1 Bxg2+ 28.Kxg2 Qd5+
29.Kh3 Qxb5 30.Bd4 Nd5 31.Qc1 h6 32.Qd2 Qf1+ 33.Kg3 Qb1 34.a4 f6 35.Nd3 g5
36.fxg5 hxg5 37.Qe2 e5 38.Bf2 Qa2 39.Qg4 Qb3 40.Qe6+ Kh7 41.Qf5+ Kh6 42.Kg2 Qxa4
43.Qh3+ Kg6 44.Nxe5+ fxe5 45.Qd3+ e4 46.Qxd5 Bxb2 47.Qe6+ Bf6 48.Qg8+ Kh6
49.h4 Qd7 50.hxg5+ Bxg5 51.Qh8+ Kg6 52.Qg8+ Kf5 53.Qf8+ Bf6 54.Qc5+ Kg6 55.Qe3 Qf5
56.Qg3+ Kf7 57.Qh3 Qd5 58.Be3 Qa2+ 59.Kg1 Qb1+ 60.Qf1 Qb3 61.Bd4 Qg3+ 62.Kh1 Qh4+
63.Kg1 Qg5+ 64.Kh1  1/2-1/2

[Event "FRA-chT"]
[Site "?"]
[Date "1989.??.??"]
[Round "?"]
[White "Carbonnel, Pierre"]
[Black "Gozillon, P."]
[Result "1-0"]
[WhiteElo "2200"]
[BlackElo "1900"]

1.e4 c5 2.Nf3 e6 3.d4 cxd4 4.Nxd4 a6 5.Bd3 Qc7 6.O-O d6 7.c4 Nf6 8.Nc3 Be7
9.Qe2 Bd7 10.f4 Nc6 11.Nf3 O-O 12.h3 Rac8 13.a3 Rfd8 14.Be3 Be8 15.Rac1 Nd7
16.Nd5 exd5 17.cxd5 Ndb8 18.Qf2 Qd7 19.Bb6 Nb4 20.axb4 Rxc1 21.Rxc1 Rc8 22.Rc3 Rxc3
23.bxc3 Qa4 24.Qc2 Qa1+ 25.Kh2 Ba4 26.Qd2 Nd7 27.Bd4 Qa3 28.e5 Qb3 29.c4 dxe5
30.fxe5 Bxb4 31.Qe3 Nf8 32.Ng5 h6 33.Ne4 Be7 34.e6 fxe6 35.Qg3 g6 36.Qe5 Kf7
37.Qg7+ Ke8 38.d6 Bh4 39.Nf6+ Bxf6 40.Bxf6  1-0

[Event "BL2-W8889"]
[Site "Germany"]
[Date "1989.??.??"]
[Round "?"]
[White "Blaskowski, Johannes"]
[Black "Mainka, Romuald"]
[Result "1/2-1/2"]
[WhiteElo "2260"]
[BlackElo "2410"]

1.e4 c5 2.Nf3 e6 3.d4 cxd4 4.Nxd4 a6 5.Bd3 Nf6 6.O-O Qc7 7.Qe2 d6 8.c4 g6
9.Be3 Bg7 10.Nc3 O-O 11.Rac1 Nbd7 12.b4 b6 13.f3 Bb7 14.Bc2 Rac8 15.Bb3 Qb8
16.Rfd1 Rfe8 17.Qd2 Ne5 18.Na4 Nfd7 19.b5 Bf8 20.h3 Qa8 21.f4 axb5 22.cxb5 Nc4
23.Bxc4 Qxa4 24.Bb3 Qa8 25.f5 exf5 26.exf5 Rxc1 27.Rxc1 Nc5 28.fxg6 hxg6
29.Nc6 Nxb3 30.axb3 Qa3 31.Qc3 Bg7 32.Qd3 Bc8 33.Bf4 Bf5 34.Qxd6 Bf8 35.Qd1 Qa2
36.Ra1 Qb2 37.Qc1 Qxb3 38.Nd4 Qd5 39.Nxf5 Qxf5 40.Qf1 Bc5+ 41.Kh2 Re4 42.Bd2 Qe5+
43.Kh1 Bd6 44.Qg1 Rh4 45.Re1 Qxb5 46.Bc3 Bg3 47.Qxb6 Qd7 48.Qf6 Rxh3+ 49.gxh3 Qxh3+
50.Kg1 Qh2+ 51.Kf1 Qh1+ 52.Ke2 Qe4+  1/2-1/2

[Event "BL2-SW8889"]
[Site "Germany"]
[Date "1989.??.??"]
[Round "?"]
[White "Zude, Arno"]
[Black "Raupp, Thomas"]
[Result "1/2-1/2"]
[WhiteElo "2320"]
[BlackElo "2345"]

1.e4 c5 2.Nf3 e6 3.d4 cxd4 4.Nxd4 a6 5.Bd3 Nf6 6.O-O Qc7 7.Qe2 d6 8.c4 Be7
9.b3 b6 10.Bb2 Bb7 11.Nc3 O-O 12.Kh1 Nc6 13.Nxc6 Bxc6 14.f4 Rfe8 15.Rae1 Nd7
16.e5 g6 17.Qg4 Bf8 18.Ne4 Bxe4 19.Bxe4 Rad8 20.exd6 Bxd6 21.Qf3 Be7 22.Rd1 Nc5
23.Qc3 f6 24.Bc2 Rxd1 25.Bxd1 Rd8 26.Bc2 a5 27.h3 Qd6 28.Bc1 Kf7 29.a3 Qc7
30.Be3  1/2-1/2